000 00344nam a2200121 a 4500
005 20140414132051.0
008 110726s19uu xx 00 eng d
050 _aREF 030
_bU47 1999
245 _aUltimate first encyclopedia.
260 _aDanbury, Connecticut :
_bGrolier,
_c1998.
650 _aEncyclopedias and dictionaries.
999 _c114186
_d114186